000 00832nam a22002657a 4500
005 20251108170550.0
008 250721s2000 xx 000 0 ara d
020 _a2070503925
082 1 4 _aم/ط/523/كوك
100 1 _aبوريغار، ديانا كوستادو
245 1 0 _aكوكبنا في الكون /
264 1 _aبيروت :
_bدار عويدات،
_c2000.
300 _a76ص : مص
490 0 _aموسوعة صغارنا الحديثة
650 1 7 _aالكواكب
650 1 7 _aالنظام الشمسي
650 1 7 _aالأحوال الجوية
653 _aناشاون صغار (10-14) سنه
700 1 _aالهاشم، أنطوان
_eTran.
700 1 _aدونيو، كلاريس
700 1 _aفاريه، ماري
700 1 _aهننغ، آن دو
942 _2ddc
_cBK
999 _c43639
_d43639